Wsi najbliżej wsi Sokoły Jaźwiny - Statystyki

Ogólne statystyki
  • Ten quiz został rozwiązany 3 razy
  • Średni wynik to 8 z 10
Statystyki odpowiedzi
Hint Odpowiedź % Poprawnych
2,4 km Bruszewo
100%
1,7 km Faszcze
100%
2,6 km Mazury
100%
2,1 km Nowa Ruś
100%
3,0 km Nowe Kalinowo
100%
1,9 km Stara Ruś
100%
1,8 km Stare Kalinowo
100%
2,4 km Bujny Biszewo
67%
3,5 km Jabłoń- Rykacze
0%
3,3 km Jamiołki Piotrowięta
0%
Nie znaleziono quizów pasujących do podanych kryteriów
Rozkład punktacji
Procent ludzi z każdym wynikiem
Percentyl według liczby udzielonych odpowiedzi
Twoja historia wyników
Nie rozwiązałeś tego quizu